| 000 | 00767cac a2200241 a 4500 | ||
|---|---|---|---|
| 003 | Co-PeBPM | ||
| 005 | 20250421115358.0 | ||
| 008 | 231129e2001||||xx jkd||||||||||| ||spa|| | ||
| 040 | 0 |
_aCo-PeBPM _bspa _cCo-PeBPM _erda |
|
| 041 | _aspa | ||
| 082 | 0 | 4 |
_a404.2 R969v _222 |
| 100 | 1 |
_aRussinovich Sole, Yolanda _eAutor |
|
| 245 | 1 | 0 |
_aValores Comunicativos y Emblemáticos Del Español y Del Guaraní _c/Yolanda Russinovich Solé |
| 260 |
_aBogotá, Colombia _b: Editorial Instituto Caro y Cuervo _c, 2001 |
||
| 300 |
_a201 Páginas _c; 23 Centímetros |
||
| 500 | _aIncluye Índice. | ||
| 650 | 1 | 4 |
_2LEMB _aBilingüismo |
| 650 | 1 | 4 |
_2LEMB _aParaguay |
| 650 | 1 | 4 |
_2LEMB _aGuaraní |
| 650 | 1 | 4 |
_2LEMB _aHistoria |
| 650 | 1 | 4 |
_2LEMB _aLenguas Indígenas |
| 942 |
_2ddc _cBK |
||
| 999 |
_c26116 _d26116 |
||